Relatos de fantasmas / (Registro nro. 7178)
[ vista simple ]
| 000 -LEADER | |
|---|---|
| fixed length control field | 00974nam a22002777a 4500 |
| 003 - CONTROL NUMBER IDENTIFIER | |
| control field | OSt |
| 005 - DATE AND TIME OF LATEST TRANSACTION | |
| control field | 20250808155708.0 |
| 008 - FIXED-LENGTH DATA ELEMENTS--GENERAL INFORMATION | |
| fixed length control field | 210215s2019 ck ||||er|||| 00| jdspa d |
| 020 ## - INTERNATIONAL STANDARD BOOK NUMBER | |
| International Standard Book Number | 9789585595224 |
| 040 ## - CATALOGING SOURCE | |
| Original cataloging agency | CO-JMCR |
| Transcribing agency | CO-JMCR |
| 041 1# - LANGUAGE CODE | |
| Language code of text/sound track or separate title | spa |
| Language code of original | eng |
| 082 04 - DEWEY DECIMAL CLASSIFICATION NUMBER | |
| Classification number | J-C |
| Item number | WHAr |
| Edition number | 23 |
| 100 1# - MAIN ENTRY--PERSONAL NAME | |
| Personal name | Wharton, Edith, |
| Relator term | autor |
| 9 (RLIN) | 13422 |
| 245 10 - TITLE STATEMENT | |
| Title | Relatos de fantasmas / |
| Remainder of title | Edith Wharton ; traducción de Juan Manuel Caycedo |
| 250 ## - EDITION STATEMENT | |
| Edition statement | Primera edición |
| 260 ## - PUBLICATION, DISTRIBUTION, ETC. | |
| Place of publication, distribution, etc. | Bogotá : |
| Name of publisher, distributor, etc. | Alcaldía Mayor de Bogotá : Instituto Distrital de las Artes (IDARTES), |
| Date of publication, distribution, etc. | 2019 |
| 300 ## - PHYSICAL DESCRIPTION | |
| Extent | 245 páginas ; |
| Dimensions | 17 cm. |
| 490 0# - SERIES STATEMENT | |
| Series statement | Libro al viento ; |
| Volume/sequential designation | 145 |
| 500 ## - GENERAL NOTE | |
| General note | Incluye datos y fotografía de la autora. |
| 546 ## - LANGUAGE NOTE | |
| Language note | Traducido del inglés. |
| 586 ## - AWARDS NOTE | |
| Awards note | Ganador de la Beca de traducción -inglés, Idartes 2019 |
| 650 14 - SUBJECT ADDED ENTRY--TOPICAL TERM | |
| Topical term or geographic name entry element | Novela estadounidense |
| 9 (RLIN) | 13423 |
| 650 24 - SUBJECT ADDED ENTRY--TOPICAL TERM | |
| Topical term or geographic name entry element | Fantasmas en la literatura |
| 9 (RLIN) | 2083 |
| 700 1# - ADDED ENTRY--PERSONAL NAME | |
| Personal name | Caycedo, Juan Manuel, |
| Relator term | traductor |
| 9 (RLIN) | 13424 |
| 942 ## - ADDED ENTRY ELEMENTS (KOHA) | |
| Source of classification or shelving scheme | Dewey Decimal Classification |
| Koha item type | Books |
| Withdrawn status | Lost status | Source of classification or shelving scheme | Damaged status | Not for loan | Collection code | Home library | Current library | Date acquired | Source of acquisition | Total Checkouts | Full call number | Barcode | Date last seen | Copy number | Price effective from | Koha item type | Date last checked out |
|---|---|---|---|---|---|---|---|---|---|---|---|---|---|---|---|---|---|
| Dewey Decimal Classification | Fiction | Biblioteca Pública José María del Castillo y Rada | Biblioteca Pública José María del Castillo y Rada | 12/21/2020 | Donación | J-C WHAr | 201810411 | 02/15/2021 | Ej.1 | 02/15/2021 | Books | ||||||
| Dewey Decimal Classification | Fiction | Biblioteca Pública José María del Castillo y Rada | Biblioteca Pública José María del Castillo y Rada | 12/21/2020 | Donación | 2 | J-C WHAr | 201810430 | 11/06/2024 | Ej.2 | 02/15/2021 | Books | 11/05/2024 |